书目信息 |
| 题名: |
暖通空调设计指南与工程实例
|
|
| 作者: | 江克林 编著 | |
| 分册: | ||
| 出版信息: | 北京 中国电力出版社 2015.10 |
|
| 页数: | 252页 | |
| 开本: | 26cm | |
| 丛书名: | ||
| 单 册: | ||
| 中图分类: | TU83 | |
| 科图分类: | ||
| 主题词: | 房屋建筑设备--fang wu jian zhu she bei--采暖设备--建筑设计 , 房屋建筑设备--fang wu jian zhu she bei--通风设备--建筑设计 , 房屋建筑设备--fang wu jian zhu she bei--空气调节设备--建筑设计 | |
| 电子资源: | ||
| ISBN: | 978-7-5123-8171-1 | |
| 000 | 01292nam0 2200277 450 | |
| 001 | 0100195317 | |
| 005 | 20210407154417.49 | |
| 010 | @a978-7-5123-8171-1@dCNY48.00 | |
| 100 | @a20151022d2015 em y0chiy50 ea | |
| 101 | 0 | @achi |
| 102 | @aCN@b110000 | |
| 105 | @aak a 000yy | |
| 200 | 1 | @a暖通空调设计指南与工程实例@Anuan tong kong diao she ji zhi nan yu gong cheng shi li@f江克林编著@Fjiang ke lin bian zhu |
| 210 | @a北京@c中国电力出版社@d2015.10 | |
| 215 | @a252页@c图@d26cm | |
| 320 | @a有书目 (第252页) | |
| 330 | @a本书分为六章, 通过对暖通空调专业采暖技术、通风技术、空气调节技术、制冷技术、民用建筑房屋卫生设备和燃气供应技术、绿色建筑技术各章题型设计的全面分析与展示, 总结揭示各类专业技术题型的设计方法和规侓, 帮助读者作新题型选配一把入门设计的钥匙, 起到抛砖引玉, 达到设计指南引路的目的。帮助专业相关人员尽快全面提高掌握暖通空调工程各类题型设计的能力。 | |
| 540 | @a暖通空调设计指南与工程实例 | |
| 606 | 0 | @a房屋建筑设备@Afang wu jian zhu she bei@x采暖设备@x建筑设计 |
| 606 | 0 | @a房屋建筑设备@Afang wu jian zhu she bei@x通风设备@x建筑设计 |
| 606 | 0 | @a房屋建筑设备@Afang wu jian zhu she bei@x空气调节设备@x建筑设计 |
| 690 | @aTU83@v5 | |
| 701 | 0 | @a江克林@Ajiang ke lin@4编著 |
| 801 | @aCN | |
| 901 | @a19 | |
| 905 | @a河南城建学院图书馆@b1274850-2@dTU83@eJ363@f3 | |
| 暖通空调设计指南与工程实例/江克林编著.-北京:中国电力出版社,2015.10 |
| 252页:图;26cm |
| ISBN 978-7-5123-8171-1:CNY48.00 |
| 本书分为六章, 通过对暖通空调专业采暖技术、通风技术、空气调节技术、制冷技术、民用建筑房屋卫生设备和燃气供应技术、绿色建筑技术各章题型设计的全面分析与展示, 总结揭示各类专业技术题型的设计方法和规侓, 帮助读者作新题型选配一把入门设计的钥匙, 起到抛砖引玉, 达到设计指南引路的目的。帮助专业相关人员尽快全面提高掌握暖通空调工程各类题型设计的能力。 |
| ● |
| 相关链接 |
|
|
|
正题名:暖通空调设计指南与工程实例
索取号:TU83/J363
 
预约/预借
| 序号 | 登录号 | 条形码 | 馆藏地/架位号 | 状态 | 备注 |
| 1 | 1274851 | 212748516 | 建筑库201/201建筑库 51排1列2层/ [索取号:TU83/J363] | 在馆 | |
| 2 | 1274852 | 212748523 | 建筑库201/201建筑库 51排1列2层/ [索取号:TU83/J363] | 在馆 | |
| 3 | 1505102 | 215051020 | 能源与建筑环境工程学院资料室/ [索取号:TU83/J363] | 在馆 | |
| 4 | 1505103 | 215051039 | 能源与建筑环境工程学院资料室/ [索取号:TU83/J363] | 在馆 |